| 000 | 00792nam a2200241 a 4500 | ||
|---|---|---|---|
| 001 | 3578049 | ||
| 005 | 20260311123758.0 | ||
| 008 | 981113s1999 enka b 001 0 eng d | ||
| 020 |
_a1861521014 (pbk.) : _c$28.95 |
||
| 020 | _a9781861521019 | ||
| 050 | 0 | 0 |
_aHG4026 _b.S248 1999 |
| 082 | 0 | 0 |
_a658.15 _221 |
| 100 | 1 |
_aSamuels, J. M. _q(John Malcolm), _d1938- |
|
| 245 | 1 | 0 |
_aFinancial management and decision making / _cJohn Samuels, Michael Wilkes, and Robin Brayshaw. |
| 260 |
_aLondon ; _aBoston : _bInternational Thomson Business Press, _c1999. |
||
| 300 |
_aviii, 632 p. : _bill. ; _c25 cm. |
||
| 650 | 0 |
_aCorporations _xFinance. |
|
| 650 | 0 |
_aBusiness enterprises _xFinance. |
|
| 650 | 0 | _aDecision making. | |
| 700 | 1 | _aWilkes, F. M. | |
| 700 | 1 | _aBrayshaw, R. E. | |
| 942 |
_2lcc _cBK _n0 |
||
| 999 |
_c8921 _d8921 |
||